Statistics for Presidents Who Died in Office

Click here to take the quiz!

General Stats

  • This quiz has been taken 21 times
  • The average score is 6 of 8

Answer Stats

HintAnswer% Correct
Shot in the back of the head by John Wilkes BoothAbraham Lincoln
100%
Shot in the back of the head in a carJohn F. Kennedy
100%
Suffered a stroke during his fourth termFranklin D. Roosevelt
94%
Shot but later died of an infection from unsterilized toolsJames Garfield
81%
Shot by Leon CzolgoszWilliam McKinley
81%
Died in one month from PneumoniaWilliam Henry Harrison
75%
Died from CholeraZachary Taylor
63%
Suffered a heart attackWarren Harding
50%

Score Distribution

Percentile by Number Answered

Percent of People with Each Score

Your Score History

You have not taken this quiz